000 00716nam a2200241 a 4500
001 51662
003 BD-RjUL
005 20211209075709.0
008 160901s1943 nyua 001 0 eng
035 _a(BD-RjUL)51782
040 _aDLC
_cOYU
_dDLC
_dBD-RjUL
_beng
041 _aeng
082 _223
_a516.2
_bLES 1943
100 1 _aLeighton, Henry Leland Chapman.
_9154439
245 0 0 _aSolid geometry and spherical trigonometry /
_cHenry L. C. Leighton.
260 _aNew York :
_bD. Van Nostrand,
_c1943.
300 _axix, 210 p. :
_bill. ;
_c24 cm.
500 _aIncludes index
650 0 _aGeometry, Solid.
_9151311
650 0 _aSpherical trigonometry.
_9136850
942 _2ddc
_cBK
999 _c51662
_d51662